[Event "Sant Adria de Besos op-B 5th"]
[Site "Sant Adria de Besos"]
[Date "2023.08.16"]
[Round "7"]
[White "Aleksanyan Israelyan, Nicolas"]
[Black "Bieg Pagel, Clemens"]
[Result "1-0"]
[WhiteElo "1876"]
[BlackElo "1724"]
[PlyCount "91"]
[EventDate "2023.08.11"]
[EventType "swiss"]
[EventRounds "9"]
[EventCountry "ESP"]
[SourceTitle "EXT 2024"]
[Source "ChessBase"]
[SourceDate "2023.10.10"]
[SourceVersion "1"]
[SourceVersionDate "2023.10.10"]
[SourceQuality "1"]

1. e4 e5 2. Nf3 Nc6 3. Bc4 Nf6 4. Ng5 d5 5. exd5 Na5 6. Bb5+ c6 7. dxc6 bxc6 8. Bd3 Nd5 9. Nf3 Bd6 10. 0-0 0-0 11. Nc3 f5 12. Nxd5 cxd5 13. Be2 e4 14. Nd4 Qf6 15. Nb5 Bb8 16. f4 a6 17. Na3 Ba7+ 18. Kh1 Bb7 19. c3 d4 20. cxd4 Bxd4 21. Nc4 Nxc4 22. Bxc4+ Kh8 23. Qe2 Rac8 24. Rb1 Rfe8 25. b3 Rcd8 26. Ba3 Qc6 27. Bb2 Bxb2 28. Rxb2 Qf6 29. Rc2 Rd4 30. Qe3 Red8 31. h3 R8d6 32. d3 Rd8 33. dxe4 Bxe4 34. Rcf2 Qh4 35. Kh2 R4d6 36. Qg3 Qe7 37. Qc3 Rg6 38. Re1 Qc5 39. Rd2 Rdd6 40. Ree2 h5 41. Qe5 Qc6 42. Qe7 Bd5 43. Qe8+ Kh7 44. Rxd5 Rxd5 45. Qxc6 Rxc6 46. Bxd5 1-0

[Event "Sant Adria de Besos op-B 5th"]
[Site "Sant Adria de Besos"]
[Date "2023.08.11"]
[Round "1"]
[White "Aleksanyan Israelyan, Nicolas"]
[Black "Munoz Prior, Marcelo"]
[Result "1-0"]
[WhiteElo "1876"]
[BlackElo "1494"]
[PlyCount "77"]
[EventDate "2023.08.11"]
[EventType "swiss"]
[EventRounds "9"]
[EventCountry "ESP"]
[SourceTitle "EXT 2024"]
[Source "ChessBase"]
[SourceDate "2023.10.10"]
[SourceVersion "1"]
[SourceVersionDate "2023.10.10"]
[SourceQuality "1"]

1. e4 c6 2. d4 d5 3. exd5 cxd5 4. Bd3 Nc6 5. c3 Nf6 6. Bf4 Bg4 7. Qb3 Qc8 8. Nd2 e6 9. Ngf3 Be7 10. 0-0 0-0 11. h3 Bh5 12. Rfe1 Rd8 13. Rac1 Bd6 14. Bg5 Bg6 15. Bxg6 hxg6 16. Ne5 Qb8 17. Ndf3 a5 18. Qc2 Qa7 19. Nxg6 fxg6 20. Bxf6 Rf8 21. Be5 Bxe5 22. Nxe5 Nxe5 23. Rxe5 Rf6 24. Rce1 Qb6 25. Qe2 Re8 26. Rxd5 Ref8 27. Rb5 Qc7 28. Rf1 Re8 29. Qe5 Qc6 30. Rc5 Qb6 31. Qe2 Ref8 32. Rb5 Qc7 33. Qe4 b6 34. Re5 Qf7 35. f3 Qd7 36. Re1 Rf4 37. Qxg6 R8f6 38. Qd3 Qf7 39. Qe2 1-0

[Event "ESP-ch U16 rapid"]
[Site "Salobrena"]
[Date "2023.07.30"]
[Round "5"]
[White "Aleksanyan Israelyan, Nicolas"]
[Black "Robledo Sanchez, Saul"]
[Result "1-0"]
[WhiteElo "1883"]
[BlackElo "1696"]
[PlyCount "77"]
[EventDate "2023.07.29"]
[EventType "swiss (rapid)"]
[EventRounds "9"]
[EventCountry "ESP"]
[SourceTitle "EXT 2024"]
[Source "ChessBase"]
[SourceDate "2023.10.10"]
[SourceVersion "1"]
[SourceVersionDate "2023.10.10"]
[SourceQuality "1"]

1. e4 c5 2. Nf3 e6 3. c4 Nc6 4. d4 cxd4 5. Nxd4 Qc7 6. Nc3 a6 7. Be3 Bb4 8. Nxc6 dxc6 9. Qc2 Nf6 10. f3 0-0 11. Be2 e5 12. 0-0 Be6 13. a3 Be7 14. Kh1 Nd7 15. b4 Rac8 16. Rfd1 a5 17. c5 Rfd8 18. Na4 Nb8 19. Rdb1 axb4 20. Nb6 b3 21. Qc3 Na6 22. Nxc8 Rxc8 23. Bc4 Bxc4 24. Qxc4 Rd8 25. Rxb3 h5 26. g3 h4 27. g4 g5 28. h3 Qd7 29. Rab1 Rb8 30. Rd3 Qc7 31. Rbd1 Rd8 32. Rxd8+ Bxd8 33. Qc3 Be7 34. Kg2 Nb8 35. Qc1 f6 36. Qc4+ Kf8 37. Qe6 Ke8 38. Qg8+ Bf8 39. Qg6+ 1-0

[Event "Foment Martinenc op-A 23rd"]
[Site "Barcelona"]
[Date "2023.06.17"]
[Round "9"]
[White "Aleksanyan Israelyan, Nicolas"]
[Black "Palmer Pifarre, Joaquin"]
[Result "1-0"]
[WhiteElo "1885"]
[BlackElo "1567"]
[PlyCount "133"]
[EventDate "2023.04.22"]
[EventType "swiss"]
[EventRounds "9"]
[EventCountry "ESP"]
[SourceTitle "EXT 2024"]
[Source "ChessBase"]
[SourceDate "2023.10.10"]
[SourceVersion "1"]
[SourceVersionDate "2023.10.10"]
[SourceQuality "1"]

1. e4 c6 2. d4 d5 3. exd5 cxd5 4. Bd3 Nc6 5. c3 Nf6 6. Bf4 Qb6 7. Qc2 Bg4 8. Nd2 e6 9. Ngf3 Be7 10. 0-0 Bh5 11. Rfe1 Bg6 12. Bxg6 hxg6 13. Ne5 Rc8 14. Qb1 Nxe5 15. Bxe5 Bd6 16. Nf3 Ng4 17. h3 Nxe5 18. Nxe5 Bxe5 19. Rxe5 Ke7 20. Re2 Rh5 21. Qd3 Qd6 22. Rae1 Rch8 23. b3 g5 24. Qf3 Rh4 25. Re5 g4 26. Qxd5 Qxd5 27. Rxd5 gxh3 28. g3 h2+ 29. Kh1 R4h6 30. Rde5 Rf6 31. R1e2 Rf3 32. R5e3 Rf5 33. g4 Rf4 34. Rg3 Rh4 35. f3 Rh6 36. Rxh2 Rhf6 37. Kg2 e5 38. dxe5 Rc6 39. c4 Rd4 40. Kf1 Ke6 41. Re2 Rc5 42. Kf2 Rxe5 43. Rxe5+ Kxe5 44. Ke3 Rd1 45. f4+ Ke6 46. Ke4 g6 47. g5 Rd2 48. a4 Re2+ 49. Re3 Rb2 50. Kd4+ Kd7 51. Kc5 Rf2 52. Re4 Rf3 53. b4 b6+ 54. Kb5 Ra3 55. a5 bxa5 56. bxa5 Rb3+ 57. Ka6 Ra3 58. Re5 Ra4 59. Kxa7 Rxc4 60. Kb6 Rb4+ 61. Rb5 Rc4 62. a6 Rc6+ 63. Ka5 Rc7 64. Rb7 Rxb7 65. axb7 Kc7 66. Ka6 Kb8 67. Kb6 1-0

[Event "Foment Martinenc op-A 23rd"]
[Site "Barcelona"]
[Date "2023.06.03"]
[Round "7"]
[White "Aleksanyan Israelyan, Nicolas"]
[Black "Riera Ribas, Marti"]
[Result "1-0"]
[WhiteElo "1885"]
[BlackElo "1564"]
[PlyCount "51"]
[EventDate "2023.04.22"]
[EventType "swiss"]
[EventRounds "9"]
[EventCountry "ESP"]
[SourceTitle "EXT 2024"]
[Source "ChessBase"]
[SourceDate "2023.10.10"]
[SourceVersion "1"]
[SourceVersionDate "2023.10.10"]
[SourceQuality "1"]

1. e4 e6 2. d4 d5 3. Nd2 h6 4. Bd3 Nf6 5. e5 Nfd7 6. Ne2 c5 7. c3 Nc6 8. Nf3 cxd4 9. cxd4 Bb4+ 10. Kf1 g5 11. g4 f5 12. gxf5 g4 13. Ne1 exf5 14. Bxf5 0-0 15. Be6+ Kg7 16. Nf4 Qh4 17. Rg1 Ndxe5 18. dxe5 Bxe6 19. Nxe6+ Kh7 20. Nf4 Rxf4 21. Bxf4 Bc5 22. Rg2 Rf8 23. Qxg4 Qxg4 24. Rxg4 h5 25. Rh4 Kg8 26. Nd3 1-0

[Event "Foment Martinenc op-A 23rd"]
[Site "Barcelona"]
[Date "2023.05.06"]
[Round "3"]
[White "Garcia Escoda, Marc"]
[Black "Aleksanyan Israelyan, Nicolas"]
[Result "1-0"]
[WhiteElo "2142"]
[BlackElo "1885"]
[PlyCount "79"]
[EventDate "2023.04.22"]
[EventType "swiss"]
[EventRounds "9"]
[EventCountry "ESP"]
[SourceTitle "EXT 2024"]
[Source "ChessBase"]
[SourceDate "2023.10.10"]
[SourceVersion "1"]
[SourceVersionDate "2023.10.10"]
[SourceQuality "1"]

1. d4 e6 2. Nf3 Nf6 3. g3 b6 4. Bg2 Bb7 5. 0-0 d6 6. c4 Nbd7 7. Nc3 Be7 8. Qc2 0-0 9. e4 e5 10. Re1 c6 11. b3 Qc7 12. Bb2 Rfe8 13. Rad1 Rad8 14. Rd2 Nf8 15. Red1 Ng6 16. h3 h5 17. Kh2 Nh7 18. Rd3 Ng5 19. Nxg5 Bxg5 20. h4 Bf6 21. d5 cxd5 22. Nxd5 Bxd5 23. Rxd5 Ne7 24. R5d3 Nc6 25. Qe2 g6 26. Qd2 Nd4 27. Bh3 Bg7 28. f4 Kh7 29. Rf1 Rf8 30. f5 Bf6 31. Bc1 Rh8 32. fxg6+ Kg7 33. Rxd4 exd4 34. Rxf6 fxg6 35. Qg5 Qf7 36. Rxf7+ Kxf7 37. Qd5+ Kg7 38. Bb2 Rhf8 39. Qxd4+ Kf7 40. Qf6+ 1-0

[Event "Foment Martinenc op-A 23rd"]
[Site "Barcelona"]
[Date "2023.04.22"]
[Round "1"]
[White "Villa Tornero, Alex"]
[Black "Aleksanyan Israelyan, Nicolas"]
[Result "1-0"]
[WhiteElo "2216"]
[BlackElo "1885"]
[PlyCount "47"]
[EventDate "2023.04.22"]
[EventType "swiss"]
[EventRounds "9"]
[EventCountry "ESP"]
[SourceTitle "EXT 2024"]
[Source "ChessBase"]
[SourceDate "2023.10.10"]
[SourceVersion "1"]
[SourceVersionDate "2023.10.10"]
[SourceQuality "1"]

1. e4 d5 2. exd5 Qxd5 3. Nc3 Qa5 4. d4 Nf6 5. Bc4 Bf5 6. Nf3 h6 7. Bd2 c6 8. Qe2 e6 9. Nd5 Qd8 10. Nxf6+ Qxf6 11. Bc3 Qd8 12. d5 b5 13. Bb3 b4 14. dxe6 bxc3 15. exf7+ Kd7 16. 0-0-0+ Bd6 17. Rxd6+ Kxd6 18. Qe5+ Kd7 19. Rd1+ Kc8 20. Rxd8+ Kxd8 21. Qxf5 cxb2+ 22. Kb1 Nd7 23. Ne5 Nxe5 24. f8R+ 1-0

[Event "Sabadell Otero Memorial"]
[Site "Sabadell"]
[Date "2023.04.21"]
[Round "2"]
[White "Aleksanyan Israelyan, Nicolas"]
[Black "Casanovas Barniol, Gerard"]
[Result "1-0"]
[WhiteElo "1885"]
[BlackElo "1674"]
[PlyCount "117"]
[EventDate "2023.04.14"]
[EventType "swiss"]
[EventRounds "8"]
[EventCountry "ESP"]
[SourceTitle "EXT 2024"]
[Source "ChessBase"]
[SourceDate "2023.10.10"]
[SourceVersion "1"]
[SourceVersionDate "2023.10.10"]
[SourceQuality "1"]

1. e4 e5 2. Nf3 Nc6 3. Bc4 Bc5 4. c3 Nf6 5. d4 exd4 6. e5 d5 7. Bb5 Ne4 8. cxd4 Bb4+ 9. Bd2 Nxd2 10. Bxc6+ bxc6 11. Nbxd2 0-0 12. Qa4 Bxd2+ 13. Nxd2 Bd7 14. Qc2 f6 15. exf6 Qxf6 16. Nf3 Rae8+ 17. Ne5 Qd6 18. Rc1 Qb4+ 19. Qc3 Qd6 20. 0-0 Re6 21. Qc5 Rb8 22. Qxd6 Rxd6 23. b3 Be8 24. Rc5 Rb4 25. Rd1 Rb5 26. Rc3 a5 27. Kf1 Rb4 28. a3 Rb5 29. Ke2 Re6 30. f4 Bh5+ 31. Kd2 Bxd1 32. Kxd1 Rf6 33. g3 g5 34. Ng4 Rg6 35. f5 Rd6 36. Ne5 h5 37. Nxc6 Rf6 38. a4 Rb7 39. h3 Rxc6 40. Rxc6 Rxb3 41. Rg6+ Kf7 42. Rxg5 Rd3+ 43. Kc2 Rxd4 44. Rxh5 Rxa4 45. g4 c5 46. Rh6 Rc4+ 47. Kd3 Rd4+ 48. Ke3 Re4+ 49. Kf3 Rd4 50. Ra6 a4 51. g5 Rd3+ 52. Kg4 a3 53. Ra7+ Kg8 54. g6 Rb3 55. f6 Rb8 56. Kg5 c4 57. Kh6 Rc8 58. f7+ Kf8 59. g7# 1-0

[Event "ESP-ch U14"]
[Site "Salobrena"]
[Date "2022.07.23"]
[Round "9"]
[White "Aleksanyan Israelyan, Nicolas"]
[Black "Colloridi, Catalina"]
[Result "1-0"]
[WhiteElo "1769"]
[BlackElo "1515"]
[PlyCount "177"]
[EventDate "2022.07.18"]
[EventType "swiss"]
[EventRounds "9"]
[EventCountry "ESP"]
[SourceTitle "EXT 2023"]
[Source "ChessBase"]
[SourceDate "2022.10.05"]
[SourceVersion "1"]
[SourceVersionDate "2022.10.05"]
[SourceQuality "1"]

1. e4 c5 2. Nf3 g6 3. d4 cxd4 4. Nxd4 Nc6 5. c4 Nf6 6. Nc3 d6 7. Be2 Nxd4 8. Qxd4 Bg7 9. Be3 0-0 10. Qd2 a5 11. 0-0 a4 12. Rad1 Be6 13. Qc2 Qa5 14. Nb5 Rfc8 15. Nd4 Bd7 16. Qb1 Ng4 17. Bxg4 Bxg4 18. f3 Bd7 19. Qd3 Qb4 20. b3 Rab8 21. Nc2 Qc3 22. Qxc3 Bxc3 23. c5 Bb5 24. cxd6 exd6 25. Rf2 Rd8 26. Bd4 Bxd4 27. Rxd4 axb3 28. axb3 Kf8 29. Rfd2 Ke7 30. Ne3 Rd7 31. Nd5+ Ke6 32. Nb6 Rdd8 33. Kf2 Bc6 34. Ke3 f5 35. Nc4 Rd7 36. Rxd6+ Rxd6 37. Rxd6+ Ke7 38. e5 Ra8 39. g3 Ra1 40. Rd2 Re1+ 41. Re2 Rf1 42. Rf2 Rb1 43. Nd2 Re1+ 44. Kd4 Ke6 45. f4 Bd5 46. Nc4 Rb1 47. Kc3 Ra1 48. Rb2 Ra6 49. Ne3 Be4 50. Rd2 Rc6+ 51. Nc4 Bd5 52. Kb4 h6 53. h4 h5 54. Ra2 Rc8 55. Ra5 Bc6 56. Nd6 Rc7 57. Rc5 Ke7 58. Kc3 Kd7 59. Kd4 b6 60. Rc3 Bg2 61. Nc4 Rc6 62. b4 b5 63. Nd6 Rxc3 64. Kxc3 Kc6 65. Kd4 Bd5 66. Nxb5 Be6 67. Nd6 Bb3 68. Ne8 Kb5 69. Ng7 Kxb4 70. e6 Ba4 71. e7 Kb3 72. e8Q Bxe8 73. Nxe8 Kc2 74. Ke3 Kd1 75. Nd6 Ke1 76. Nf7 Kf1 77. Kf3 Kg1 78. Nh8 Kh2 79. Nxg6 Kh3 80. Ne7 Kh2 81. Nxf5 Kh3 82. Ng7 Kh2 83. f5 Kh3 84. f6 Kh2 85. f7 Kh3 86. f8Q Kh2 87. Qc8 Kh1 88. Qh3+ Kg1 89. Qg2# 1-0

[Event "Barcelona Ciutat op-B"]
[Site "Barcelona"]
[Date "2021.08.19"]
[Round "2"]
[White "Aleksanyan Israelyan, Nicolas"]
[Black "Daguro Dasalla, Armando"]
[Result "0-1"]
[WhiteElo "1663"]
[BlackElo "1903"]
[PlyCount "96"]
[EventDate "2021.08.18"]
[EventType "swiss"]
[EventRounds "9"]
[EventCountry "ESP"]
[SourceTitle "EXT 2022"]
[Source "ChessBase"]
[SourceDate "2021.10.06"]
[SourceVersion "1"]
[SourceVersionDate "2021.10.06"]
[SourceQuality "1"]

1. e4 Nc6 2. Nf3 e5 3. Bc4 Bc5 4. c3 Nf6 5. d4 exd4 6. e5 d5 7. Bb5 Ne4 8. cxd4 Bb4+ 9. Bd2 Nxd2 10. Nbxd2 0-0 11. Bxc6 bxc6 12. 0-0 c5 13. a3 Bxd2 14. Qxd2 c4 15. b3 c6 16. bxc4 Ba6 17. Qc3 Bxc4 18. Rfb1 Qd7 19. Nd2 Ba6 20. Nb3 Bc4 21. Nc5 Qf5 22. Rb7 a5 23. Rab1 a4 24. R7b2 h6 25. Qf3 Qg6 26. h3 Ra5 27. Qg4 Ra7 28. Qxg6 fxg6 29. Rb8 Bb3 30. Rxf8+ Kxf8 31. Nxb3 axb3 32. Rxb3 Ke7 33. Kf1 Ra4 34. Rd3 g5 35. Ke2 Ke6 36. Ke3 Rc4 37. g3 c5 38. f4 gxf4+ 39. gxf4 g5 40. fxg5 hxg5 41. Rd1 Rc3+ 42. Rd3 cxd4+ 43. Kxd4 Rc4+ 44. Ke3 Kxe5 45. Rb3 Rh4 46. Kd2 Ra4 47. Rg3 Kf5 48. Kc2 Rf4 0-1

[Event "ESP-ch U14"]
[Site "Salobrena"]
[Date "2021.07.16"]
[Round "7"]
[White "Cuesta Moscoso, Alvaro"]
[Black "Aleksanyan Israelyan, Nicolas"]
[Result "0-1"]
[WhiteElo "1479"]
[BlackElo "1639"]
[PlyCount "86"]
[EventDate "2021.07.12"]
[EventType "swiss"]
[EventRounds "9"]
[EventCountry "ESP"]
[SourceTitle "EXT 2022"]
[Source "ChessBase"]
[SourceDate "2021.10.06"]
[SourceVersion "1"]
[SourceVersionDate "2021.10.06"]
[SourceQuality "1"]

1. d4 e6 2. Bf4 Nf6 3. Nf3 b6 4. e3 Bb7 5. Nbd2 d5 6. Bd3 Bd6 7. Bg3 0-0 8. c3 Qe7 9. Qc2 Rc8 10. Ng5 h6 11. h4 Bxg3 12. fxg3 Qd6 13. Rh3 c5 14. Ngf3 cxd4 15. exd4 Nc6 16. a3 a6 17. Kf1 Re8 18. Re1 Rac8 19. Qb1 Qb8 20. Ne5 Nxe5 21. dxe5 Nd7 22. Nf3 Nc5 23. Bh7+ Kf8 24. Nd2 Qc7 25. Kg1 Nd7 26. Rf1 Qxe5 27. g4 Ke7 28. Rhf3 Rf8 29. Re1 Qd6 30. Ref1 b5 31. g5 hxg5 32. hxg5 Ne5 33. Rh3 Ng4 34. Kh1 Ne5 35. Nf3 Nxf3 36. Rhxf3 Rc4 37. Rh3 Rf4 38. Rxf4 Qxf4 39. Qg1 d4 40. cxd4 Rc8 41. Rc3 Qh4+ 42. Rh3 Qxh3+ 43. Qh2 Rc1# 0-1

[Event "ESP-ch U14"]
[Site "Salobrena"]
[Date "2021.07.12"]
[Round "2"]
[White "Aleksanyan Israelyan, Nicolas"]
[Black "Moreno Diepa, Diego"]
[Result "0-1"]
[WhiteElo "1639"]
[BlackElo "1938"]
[PlyCount "92"]
[EventDate "2021.07.12"]
[EventType "swiss"]
[EventRounds "9"]
[EventCountry "ESP"]
[SourceTitle "EXT 2022"]
[Source "ChessBase"]
[SourceDate "2021.10.06"]
[SourceVersion "1"]
[SourceVersionDate "2021.10.06"]
[SourceQuality "1"]

1. e4 e6 2. d4 d5 3. Nd2 Nf6 4. e5 Nfd7 5. f4 c5 6. c3 Nc6 7. Ndf3 Be7 8. Bd3 cxd4 9. cxd4 Qb6 10. Ne2 0-0 11. 0-0 a5 12. Kh1 f5 13. a3 Rf7 14. h3 Nf8 15. b3 Bd7 16. Bb2 a4 17. b4 h6 18. g4 g5 19. gxf5 exf5 20. Rg1 Ne6 21. Qb1 Raf8 22. Bc2 Kh8 23. Qd1 Rg7 24. Bxa4 g4 25. Nh2 Qd8 26. Bxc6 bxc6 27. Bc1 Rfg8 28. hxg4 Nf8 29. Qd3 Qc8 30. Ng3 Bh4 31. a4 fxg4 32. a5 Bxg3 33. Rxg3 Bf5 34. Qe2 h5 35. a6 Ne6 36. a7 Nxd4 37. Qd1 Be4+ 38. Rg2 g3 39. Qxh5+ Rh7 40. Qxh7+ Kxh7 41. a8Q Bxg2+ 42. Kxg2 gxh2+ 43. Kf2 Qxa8 44. Rxa8 h1Q 45. Ra7+ Kh8 46. e6 Qg1# 0-1

[Event "Catalunya-ch U10/20"]
[Site "Salou"]
[Date "2020.09.09"]
[Round "7"]
[White "Aleksanyan Israelyan, Nicolas"]
[Black "Domene Mulyukov, Alexander"]
[Result "0-1"]
[WhiteElo "1808"]
[BlackElo "1931"]
[PlyCount "56"]
[EventDate "2020.09.05"]
[EventType "swiss"]
[EventRounds "8"]
[EventCountry "ESP"]
[SourceTitle "EXT 2023"]
[Source "ChessBase"]
[SourceDate "2022.10.05"]
[SourceVersion "1"]
[SourceVersionDate "2022.10.05"]
[SourceQuality "1"]

1. e4 c5 2. Nf3 e6 3. c4 Nc6 4. d4 cxd4 5. Nxd4 Nf6 6. Nc3 Bb4 7. f3 d5 8. Nxc6 bxc6 9. cxd5 exd5 10. exd5 Nxd5 11. Bd2 0-0 12. Nxd5 cxd5 13. Bxb4 Qh4+ 14. g3 Qxb4+ 15. Qd2 Re8+ 16. Be2 Qe7 17. Kd1 Be6 18. Rc1 Rab8 19. b3 d4 20. Bd3 Qa3 21. Rb1 Rxb3 22. Rxb3 Bxb3+ 23. axb3 Re3 24. Bc4 Qa1+ 25. Qc1 Qa2 26. Rf1 Rc3 27. Qf4 Qb1+ 28. Ke2 Qc2+ 0-1

[Event "ESP-ch U12"]
[Site "Salobrena"]
[Date "2020.07.30"]
[Round "6"]
[White "Lara Mezcua, Alonso"]
[Black "Aleksanyan Israelyan, Nicolas"]
[Result "1/2-1/2"]
[WhiteElo "1540"]
[BlackElo "1834"]
[PlyCount "87"]
[EventDate "2020.07.27"]
[EventType "swiss"]
[EventRounds "9"]
[EventCountry "ESP"]
[SourceTitle "EXT 2021"]
[Source "ChessBase"]
[SourceDate "2020.10.23"]
[SourceVersion "1"]
[SourceVersionDate "2020.10.23"]
[SourceQuality "1"]

1. e4 e6 2. d4 d5 3. Bd3 dxe4 4. Bxe4 Nf6 5. Bf3 Bd6 6. Ne2 c6 7. Bf4 Bxf4 8. Nxf4 Qc7 9. Nd3 Nbd7 10. 0-0 0-0 11. Re1 b6 12. Nd2 Bb7 13. Qe2 Rfe8 14. Ne5 Rad8 15. Rad1 Nf8 16. Ne4 Nxe4 17. Bxe4 Ng6 18. g3 Nxe5 19. dxe5 a5 20. f4 b5 21. Qh5 h6 22. Qf3 Qb6+ 23. Kh1 Qc7 24. a3 Kh8 25. b4 axb4 26. axb4 Rd5 27. Rd3 Red8 28. Red1 Ra8 29. R1d2 Ra4 30. c3 Qb6 31. h4 Ra1+ 32. Rd1 Ra2 33. Bxd5 cxd5 34. Rd4 Qa7 35. Kg1 Rc2 36. Qd3 Qa2 37. Rd2 Qa1+ 38. Rd1 Qa4 39. Rd2 Rc1+ 40. Rd1 Rc2 41. Rd2 Rc1+ 42. Rd1 Rc2 43. Rd2 Rc1+ 44. Rd1 1/2-1/2

[Event "ESP-ch U12"]
[Site "Salobrena"]
[Date "2020.07.29"]
[Round "5"]
[White "Teply Koutsky, David"]
[Black "Aleksanyan Israelyan, Nicolas"]
[Result "1/2-1/2"]
[WhiteElo "1512"]
[BlackElo "1834"]
[PlyCount "91"]
[EventDate "2020.07.27"]
[EventType "swiss"]
[EventRounds "9"]
[EventCountry "ESP"]
[SourceTitle "EXT 2021"]
[Source "ChessBase"]
[SourceDate "2020.10.23"]
[SourceVersion "1"]
[SourceVersionDate "2020.10.23"]
[SourceQuality "1"]

1. d4 e6 2. c4 c5 3. d5 Nf6 4. Nc3 exd5 5. cxd5 d6 6. e4 g6 7. Nf3 Qe7 8. Bd3 Bg7 9. Be3 0-0 10. 0-0 Bg4 11. h3 Bxf3 12. Qxf3 Nbd7 13. Qe2 a6 14. a4 Rfe8 15. f4 Rab8 16. Rfe1 Rbc8 17. Bf2 Nh5 18. Qf3 Qf6 19. g3 Ne5 20. Qe2 Nxd3 21. Qxd3 Qd8 22. Re2 Nf6 23. Rae1 Nd7 24. Nd1 Qa5 25. b3 Qc7 26. Ne3 Qb8 27. Nc4 f6 28. Kg2 Kh8 29. g4 Re7 30. Bg3 Rce8 31. f5 Ne5 32. Bxe5 fxe5 33. Rf1 Rf8 34. Ref2 gxf5 35. Rxf5 Rxf5 36. Rxf5 Qd8 37. Qf3 Kg8 38. Ne3 Rd7 39. g5 Qe8 40. Ng4 Rf7 41. Nf6+ Bxf6 42. gxf6 Kh8 43. Kf2 Qf8 44. Ke2 b5 45. axb5 axb5 46. h4 1/2-1/2

[Event "Barcelona La Lira op 38th"]
[Site "Barcelona"]
[Date "2020.01.17"]
[Round "1"]
[White "Febrero Perez, Lluis"]
[Black "Aleksanyan Israelyan, Nicolas"]
[Result "1/2-1/2"]
[WhiteElo "1385"]
[BlackElo "1752"]
[PlyCount "115"]
[EventDate "2020.01.17"]
[EventType "swiss"]
[EventRounds "8"]
[EventCountry "ESP"]
[SourceTitle "CBM 195 Extra"]
[Source "ChessBase"]
[SourceDate "2020.05.31"]
[SourceVersion "1"]
[SourceVersionDate "2020.05.31"]
[SourceQuality "1"]

1. e4 e6 2. d4 d5 3. e5 c5 4. c3 Nc6 5. Nf3 Qb6 6. a3 a5 7. Bd3 Bd7 8. Bc2 Rc8 9. 0-0 cxd4 10. cxd4 Nge7 11. Re1 Nf5 12. Bxf5 exf5 13. Nc3 Be6 14. Na4 Qa7 15. Be3 Be7 16. Qd3 Nb8 17. Qb5+ Nd7 18. Rac1 0-0 19. Nc3 Nb6 20. Bg5 Bxg5 21. Nxg5 Rfd8 22. h4 Nc4 23. Ne2 Rc6 24. b4 Nxa3 25. Qxa5 Qxa5 26. bxa5 Ra8 27. Rxc6 bxc6 28. Nf4 Re8 29. Rc1 Bd7 30. Rc5 h6 31. Nf3 Ra8 32. Nd2 Nb5 33. Nb3 Rb8 34. Nd3 Nc7 35. Rc3 Nb5 36. Rc5 Na3 37. Rc3 Nc4 38. Ndc5 Bc8 39. f4 Kf8 40. Kf2 Ke7 41. Ke2 h5 42. Rg3 g6 43. Rc3 Kd8 44. Rg3 Ke7 45. Rc3 Ra8 46. Kd3 Nxa5 47. Nxa5 Rxa5 48. g3 Kd8 49. Rb3 Kc7 50. Kc3 Ra2 51. Kb4 Ba6 52. Ra3 Rb2+ 53. Kc3 Rg2 54. Nxa6+ Kb6 55. Kb4 Rb2+ 56. Kc3 Rg2 57. Kb4 Rb2+ 58. Kc3 1/2-1/2

[Event "Montcada op-B 26th"]
[Site "Montcada"]
[Date "2018.06.26"]
[Round "2"]
[White "Torralba Brosa, Marc"]
[Black "Aleksanyan Israelyan, Nicolas"]
[Result "1-0"]
[WhiteElo "1811"]
[BlackElo "1514"]
[PlyCount "47"]
[EventDate "2018.06.25"]
[EventType "swiss"]
[EventRounds "9"]
[EventCountry "ESP"]
[SourceTitle "EXT 2019"]
[Source "ChessBase"]
[SourceDate "2018.10.10"]
[SourceVersion "1"]
[SourceVersionDate "2018.10.10"]
[SourceQuality "1"]

1. e4 e6 2. d4 d5 3. Nc3 Bb4 4. e5 c5 5. a3 cxd4 6. axb4 dxc3 7. Qg4 cxb2 8. Bxb2 g6 9. Nf3 h5 10. Qf4 Qc7 11. Bd3 Bd7 12. 0-0 Qb6 13. Ng5 Nh6 14. Qf6 Rf8 15. Qg7 Nf5 16. Bxf5 exf5 17. Nh7 Qxb4 18. Ba3 Be6 19. Bxb4 Nd7 20. Nxf8 0-0-0 21. Nxe6 fxe6 22. Rxa7 Kb8 23. Rfa1 f4 24. Bd6+ 1-0

[Event "Llinars del Valles op-B 12th"]
[Site "Llinars del Valles"]
[Date "2018.04.14"]
[Round "1.23"]
[White "Ponsa Alcubierre, Gemma"]
[Black "Aleksanyan Israelyan, Nicolas"]
[Result "0-1"]
[WhiteElo "1077"]
[BlackElo "1513"]
[PlyCount "30"]
[EventDate "2018.04.14"]
[EventType "swiss"]
[EventRounds "8"]
[EventCountry "ESP"]
[SourceTitle "CBM 184 Extra"]
[Source "ChessBase"]
[SourceDate "2018.06.28"]
[SourceVersion "1"]
[SourceVersionDate "2018.06.28"]
[SourceQuality "1"]

1. e4 e6 2. d4 d5 3. exd5 exd5 4. Bd3 Bd6 5. Nf3 Nc6 6. a3 Bg4 7. 0-0 Nxd4 8. Qe1+ Ne6 9. Ng5 h6 10. h3 hxg5 11. hxg4 Qf6 12. f3 Qh6 13. Be3 Qh2+ 14. Kf2 Bg3+ 15. Ke2 Bxe1 0-1

[Event "ESP-ch U10"]
[Site "Salobrena Granada"]
[Date "2017.07.06"]
[Round "6"]
[White "Diaz Medina, Angelo"]
[Black "Aleksanyan Israelyan, Nicolas"]
[Result "1-0"]
[WhiteElo "1413"]
[BlackElo "1257"]
[PlyCount "113"]
[EventDate "2017.07.03"]
[EventType "swiss"]
[EventRounds "9"]
[EventCountry "ESP"]
[SourceTitle "EXT 2024"]
[Source "ChessBase"]
[SourceDate "2023.10.10"]
[SourceVersion "1"]
[SourceVersionDate "2023.10.10"]
[SourceQuality "1"]

1. e4 e5 2. Nf3 Nc6 3. d4 exd4 4. Nxd4 Bc5 5. Nb3 Bb6 6. a4 a6 7. Nc3 d6 8. Nd5 Ba7 9. Qf3 Ne5 10. Qg3 Ng4 11. Ne3 Bxe3 12. Bxe3 Qf6 13. Bd4 Qg6 14. 0-0-0 N4f6 15. Qd3 Ne7 16. f3 Bd7 17. a5 0-0 18. g4 d5 19. e5 Qxd3 20. Bxd3 Nxg4 21. fxg4 Bxg4 22. Rdf1 Ng6 23. Rhg1 Be6 24. Nc5 Bc8 25. e6 Bxe6 26. Nxe6 fxe6 27. Rxf8+ Rxf8 28. Bxg6 hxg6 29. Rxg6 Rf7 30. Rxe6 Kh7 31. Re5 c6 32. Kd2 g6 33. Kc3 Kg8 34. Re8+ Rf8 35. Rxf8+ Kxf8 36. Kb4 Ke7 37. Kc5 Kd7 38. Kb6 Kc8 39. Be5 g5 40. h3 Kd7 41. Bf6 Kc8 42. Bxg5 d4 43. h4 d3 44. h5 dxc2 45. h6 c1Q 46. Bxc1 Kd7 47. h7 Kd6 48. h8Q Ke6 49. Qd4 Kf5 50. Qe3 Kf6 51. Kc5 Kf5 52. Kd6 Kf6 53. Qf4+ Kg7 54. Ke7 Kg6 55. Qg5+ Kh7 56. Kf7 Kh8 57. Qg8# 1-0